| 000 | 00415pam a2200157 a 4500 | ||
|---|---|---|---|
| 020 |
_a9780323400466 _c |
||
| 041 | _aeng | ||
| 082 |
_a617.3 _bSCO |
||
| 100 | _aSCOTT W. N. DIDUCH D. R. IORID R . . | ||
| 245 |
_aINSALL & SCOTT SURGERY OF THE KNEE + ONLINE VOL -1 _hTextual Documents |
||
| 250 | _a6. | ||
| 260 |
_bELSEVIER CHIRCHILL _c2018 |
||
| 300 |
_a1084: _bXIV; _cHB. |
||
| 930 | _a8610 | ||
| 999 |
_c803137 _d803137 |
||
| 650 | _aORTHO | ||